|
|
|
|
| LEADER |
01593cas a2200241 a 4500 |
| 001 |
AALejournalIMF005502 |
| 008 |
230101c9999 xx r poo 0 0eng d |
| 020 |
|
|
|c 5.00 USD
|
| 020 |
|
|
|z 9781451836233
|
| 022 |
|
|
|a 1934-7685
|
| 040 |
|
|
|a BD-DhAAL
|c BD-DhAAL
|
| 110 |
2 |
|
|a International Monetary Fund.
|
| 245 |
1 |
0 |
|a Seychelles :
|b Selected Issues.
|
| 264 |
|
1 |
|a Washington, D.C. :
|b International Monetary Fund,
|c 2008.
|
| 300 |
|
|
|a 1 online resource (25 pages)
|
| 490 |
1 |
|
|a IMF Staff Country Reports
|
| 500 |
|
|
|a <strong>Off-Campus Access:</strong> No User ID or Password Required
|
| 500 |
|
|
|a <strong>On-Campus Access:</strong> No User ID or Password Required
|
| 506 |
|
|
|a Electronic access restricted to authorized BRAC University faculty, staff and students
|
| 520 |
3 |
|
|a This Selected Issues paper for Seychelles argues that sound fiscal policies and smaller governments can be conducive to growth and help reduce a country's economic vulnerability. Growth in Seychelles has been volatile and underperformed most small states from 1998 to 2005. Seychelles's revenues, expenditures, and total public debt are higher after an improvement in 2003. Its fiscal balance has worsened and has been weaker in comparison with most small states for most of the period. Seychelles's expenditure composition is most similar to that of low-growth small states.
|
| 538 |
|
|
|a Mode of access: Internet
|
| 830 |
|
0 |
|a IMF Staff Country Reports; Country Report ;
|v No. 2008/366
|
| 856 |
4 |
0 |
|z Full text available on IMF
|u http://elibrary.imf.org/view/journals/002/2008/366/002.2008.issue-366-en.xml
|z IMF e-Library
|